Preparation, characterization and catalytic testing of mono- or bimetallic zeolite catalysts in C-CI bond cleveage reaction

Elmentve itt :
Bibliográfiai részletek
Szerző: Tamási Anikó
További közreműködők: Kiricsi Imre (Témavezető)
Dokumentumtípus: Disszertáció
Megjelent: 2002
Kulcsszavak:Kémia
Tárgyszavak:
Online Access:http://doktori.ek.szte.hu/4769
LEADER 01079nta a2200217 i 4500
001 dokt4769
005 20200603083429.0
008 200323s2002 hu om 0|| eng d
040 |a SZTE Doktori Repozitórium  |b hun 
041 |a eng 
100 1 |a Tamási Anikó 
245 1 0 |a Preparation, characterization and catalytic testing of mono- or bimetallic zeolite catalysts in C-CI bond cleveage reaction  |h [elektronikus dokumentum] /  |c  Tamási Anikó 
246 1 0 |a Szén klór kötés hasítására alkalmas egy- és kétfémes zeolitok előállítása, jellemzése és katalitikus vizsgálata  |h [elektronikus dokumentum] 
260 |c 2002 
502 |a Disszertacio 
650 4 |a környezettudományok 
695 |a Kémia 
700 1 |a Kiricsi Imre  |e ths 
856 4 0 |u https://doktori.bibl.u-szeged.hu/id/eprint/4769/1/2001_tamasi_aniko.pdf  |z Dokumentum-elérés  
856 4 0 |u https://doktori.bibl.u-szeged.hu/id/eprint/4769/2/2001_tamasi_aniko_tezis_hun.pdf  |z Dokumentum-elérés  
856 4 0 |u https://doktori.bibl.u-szeged.hu/id/eprint/4769/3/2001_tamasi_aniko_birl.pdf  |z Dokumentum-elérés